Vplyv webových aplikácií na rozvoj jazykových zručností
Uplatnenie elektronických vzdelávacích materiálov vo výučbe jazykov. Analýza situácie využívania elektronických vzdelávacích materiálov vo výučbe cudzích jazykov prostredníctvom dotazníkovej metódy. Výskumu sa zúčastnilo 271 respondentov z Ekonomickej univerzity v Bratislave. Výsledky výskumu.
Saved in:
| Main Author: | |
|---|---|
| Format: | Book Chapter |
| Language: | Slovak |
| Subjects: | |
| Tags: |
No Tags, Be the first to tag this record!
|
MARC
| LEADER | 00000nla a2200000 4500 | ||
|---|---|---|---|
| 001 | 0178357 | ||
| 005 | 20240530101545.9 | ||
| 041 | 0 | |a slo | |
| 044 | |a SK | ||
| 245 | 1 | 0 | |a Vplyv webových aplikácií na rozvoj jazykových zručností |c Eva Stradiotová |
| 520 | |a Uplatnenie elektronických vzdelávacích materiálov vo výučbe jazykov. Analýza situácie využívania elektronických vzdelávacích materiálov vo výučbe cudzích jazykov prostredníctvom dotazníkovej metódy. Výskumu sa zúčastnilo 271 respondentov z Ekonomickej univerzity v Bratislave. Výsledky výskumu. | ||
| 610 | 2 | 0 | |a vzdelávanie vysokoškolské |
| 610 | 2 | 0 | |a vzdelávanie elektronické |
| 610 | 2 | 0 | |a projekty |
| 610 | 2 | 0 | |a jazyky cudzie |
| 610 | 2 | 0 | |a výskum |
| 610 | 2 | 0 | |a technológie informačné |
| 610 | 2 | 0 | |a technológie komunikačné |
| 100 | 1 | |a Stradiotová, Eva, 1963- | |